Význam zákazníckeho servisu v obchodných vzťahoch diplomová práca

Guardado en:
Detalles Bibliográficos
Autor principal: Púčik, Michal
Autor Corporativo: Obchodná fakulta EU. Katedra marketingu
Otros Autores: Dzurová, Mária
Formato: Libro
Lenguaje:eslovaco
Publicado: Bratislava 2014
Etiquetas: Agregar Etiqueta
Sin Etiquetas, Sea el primero en etiquetar este registro!

MARC

LEADER 00000nbm a2200000 4500
001 0186244
005 20170201095708.0
041 0 |a slo 
044 |a SK 
245 1 0 |a Význam zákazníckeho servisu v obchodných vzťahoch  |b diplomová práca  |c Michal Púčik ; školiteľ: Mária Dzurová 
264 1 |a Bratislava  |c 2014 
300 |a 59 s. 
100 1 |a Púčik, Michal 
700 1 |a Dzurová, Mária 
710 2 |a Obchodná fakulta EU. Katedra marketingu